[Event "Bangalore op-B 1st"]
[Site "Bangalore"]
[Date "2024.01.18"]
[Round "1"]
[White "Selvamurugan, B."]
[Black "Rakesh, Kumar Sinha"]
[Result "1-0"]
[WhiteElo "1920"]
[BlackElo "1268"]
[PlyCount "163"]
[EventDate "2024.01.18"]
[EventType "swiss"]
[EventRounds "10"]
[EventCountry "IND"]
[SourceTitle "EXT 2025"]
[Source "ChessBase"]
[SourceDate "2024.10.14"]
[SourceVersion "1"]
[SourceVersionDate "2024.10.14"]
[SourceQuality "1"]

1. b3 e5 2. Bb2 Nc6 3. e3 Nf6 4. Bb5 d6 5. Ne2 Be7 6. 0-0 0-0 7. d4 exd4 8. Bxc6 bxc6 9. Nxd4 Bb7 10. Qf3 Qd7 11. Nf5 Rab8 12. Qf4 Bc8 13. e4 Rb5 14. c4 Rxf5 15. exf5 Qxf5 16. Qxf5 Bxf5 17. Re1 Bd8 18. Nd2 d5 19. Rac1 Ne4 20. Nxe4 dxe4 21. Rcd1 Be7 22. Be5 Bb4 23. Re3 Bc5 24. Rg3 g6 25. Bxc7 Re8 26. Rd8 Rxd8 27. Bxd8 Kf8 28. Bf6 Ke8 29. Bc3 Kd7 30. b4 Bd6 31. Re3 Bf4 32. Re1 a6 33. h3 h5 34. a4 Kc8 35. b5 cxb5 36. cxb5 axb5 37. axb5 Kb7 38. Bd4 Bc7 39. Ra1 Bb6 40. Be3 Bd7 41. Rd1 Bxb5 42. Bxb6 Kxb6 43. Rd4 Bc6 44. h4 Kc5 45. Rd8 Bd5 46. Kh2 Kd4 47. Kg3 Ke5 48. Re8+ Kf5 49. Rb8 Ke5 50. Rb5 f6 51. Ra5 f5 52. Kh2 f4 53. g3 f3 54. Kg1 Kd4 55. Kf1 Be6 56. Ke1 Kd3 57. Ra3+ Kc2 58. Ra6 Bf5 59. Ra2+ Kb3 60. Ra6 Kc2 61. Rd6 Kc3 62. Kd1 Kc4 63. Kd2 Kc5 64. Rd8 Kc4 65. Ke3 Kc5 66. Rd4 Kc6 67. Rxe4 Bxe4 68. Kxe4 Kd6 69. Kxf3 Ke5 70. g4 hxg4+ 71. Kxg4 Kf6 72. Kf4 Kf7 73. Kg5 Kg7 74. f3 Kf7 75. Kh6 Kf6 76. f4 Kf7 77. Kh7 Kf6 78. Kg8 Ke6 79. Kg7 Kf5 80. Kf7 Kxf4 81. Kxg6 Kg4 82. h5 1-0